LEADER 04240 am 2201141 n 450 001 9910275041903321 005 20180427 010 $a2-85831-274-5 024 7 $a10.4000/books.pressesinalco.3486 035 $a(CKB)4100000003845168 035 $a(FrMaCLE)OB-pressesinalco-3486 035 $a(oapen)https://directory.doabooks.org/handle/20.500.12854/47591 035 $a(PPN)228250927 035 $a(EXLCZ)994100000003845168 100 $a20180504j|||||||| ||| 0 101 0 $afre 135 $auu||||||m|||| 181 $ctxt$2rdacontent 182 $cc$2rdamedia 183 $acr$2rdacarrier 200 13$aLa figure du consommateur immigré en Europe $eRegards franco-allemands /$fVirginie Silhouette-Dercourt, Maren Möhring, Marie Poinsot 210 $aParis $cPresses de l?Inalco$d2018 215 $a1 online resource (110 p.) 311 $a2-85831-273-7 330 $aUne invitation à découvrir les recherches menées en France et en Allemagne sur la thématique du consommateur immigré. Cet ouvrage vise à documenter une série d?échanges scientifiques franco?allemands qui se sont déroulés entre 2015 et 2017 sur la figure du consommateur immigré. À travers cinq rencontres, l?ambition était de faire émerger un nouveau champs de recherche, croisant deux thématiques traditionnellement abordées séparément - celle des migrations d?une part, et celle de la consommation d?autre part - et de faire dialoguer des historiographies qui se connaissent peu ou pas du tout du fait de la barrière de la langue et du manque de réception des travaux existants. 517 $aLa figure du consommateur immigré en Europe 606 $aSociology & Anthropology 606 $amarketing 606 $aethnicité 606 $asystème marchand 606 $aéconomies migrantes 606 $aentrepreneurs migrants 606 $adéveloppement urbain 606 $aurbanité marginale 606 $amigration 606 $aconsommation 606 $acontemporanéité 606 $ahybridité 606 $amarchandisation 606 $aEspace migratoire globalisé 606 $aconsommateur immigré 606 $amigrants transnationaux 606 $aethnomarketing 606 $asociété postmigratoire 606 $adiversité 610 $aEspace migratoire globalisé 610 $adiversité 610 $amarchandisation 610 $adéveloppement urbain 610 $asociété postmigratoire 610 $amigrants transnationaux 610 $amarketing 610 $asystème marchand 610 $acontemporanéité 610 $aconsommateur immigré 610 $aethnomarketing 610 $aethnicité 610 $aentrepreneurs migrants 610 $aconsommation 610 $amigration 610 $aéconomies migrantes 610 $aurbanité marginale 610 $ahybridité 615 4$aSociology & Anthropology 615 4$amarketing 615 4$aethnicité 615 4$asystème marchand 615 4$aéconomies migrantes 615 4$aentrepreneurs migrants 615 4$adéveloppement urbain 615 4$aurbanité marginale 615 4$amigration 615 4$aconsommation 615 4$acontemporanéité 615 4$ahybridité 615 4$amarchandisation 615 4$aEspace migratoire globalisé 615 4$aconsommateur immigré 615 4$amigrants transnationaux 615 4$aethnomarketing 615 4$asociété postmigratoire 615 4$adiversité 700 $aArnold$b Sina$01290356 701 $aBéji-Bécheur$b Amina$01290357 701 $aHillmann$b Felicitas$01132674 701 $aLudwig$b Andreas$0325570 701 $aMöhring$b Maren$0910172 701 $aPoinsot$b Marie$01290358 701 $aSilhouette-Dercourt$b Virginie$01290359 701 $aWenden$b Catherine Wihtol de$0273205 701 $aSilhouette-Dercourt$b Virginie$01290359 701 $aMöhring$b Maren$0910172 701 $aPoinsot$b Marie$01290358 801 0$bFR-FrMaCLE 906 $aBOOK 912 $a9910275041903321 996 $aLa figure du consommateur immigré en Europe$93021478 997 $aUNINA LEADER 02847nam 2200685Ia 450 001 9910780928003321 005 20230721005615.0 010 $a0-19-191749-4 010 $a1-282-35462-0 010 $a9786612354625 010 $a0-19-155354-9 035 $a(CKB)2550000000002836 035 $a(EBL)472340 035 $a(OCoLC)536239610 035 $a(SSID)ssj0000344346 035 $a(PQKBManifestationID)11278885 035 $a(PQKBTitleCode)TC0000344346 035 $a(PQKBWorkID)10306959 035 $a(PQKB)10470810 035 $a(MiAaPQ)EBC472340 035 $a(StDuBDS)EDZ0002351235 035 $a(Au-PeEL)EBL472340 035 $a(CaPaEBR)ebr10353948 035 $a(CaONFJC)MIL235462 035 $a(PPN)273244094 035 $a(EXLCZ)992550000000002836 100 $a20080801d2009 uy 0 101 0 $aeng 135 $aur|n|---||||| 181 $ctxt 182 $cc 183 $acr 200 10$aWater engineering in the ancient world$b[electronic resource] $earchaeological and climate perspectives on societies of ancient South America, the Middle East, and South-East Asia /$fby Charles R. Ortloff 210 $aOxford $cOxford University Press$d2009 215 $a1 online resource (433 p.) 225 1 $aOxford scholarship online 300 $aPreviously issued in print: 2009. 311 $a0-19-923909-6 320 $aIncludes bibliographical references and index. 327 $aContents; Introduction; 1. Ancient pre-Columbian Peru, Bolivia and Mesoamerica; 2. The Ancient Middle East; 3. Ancient South-East Asia; 4. Hydraulic Engineering and Water Management Strategies of Ancient Societies; 5. Environmental and Climate Perspectives on New World, Old World, and South-East Asian Societies' Achievements in the Hydraulic Sciences; Bibliography; Index 330 8 $aA new perspective on archaeological studies of the urban and agricultural water supply and distribution systems of the major ancient civilizations of South America, the Middle East, and South-East Asia. Ortloff uses modern computer analysis methods to extract the true hydraulic/hydrological knowledge base available to these peoples. 410 0$aOxford scholarship online. 606 $aPaleohydrology 606 $aWater resources development$xHistory 606 $aWater-supply engineering$xHistory 607 $aNaher Osten$2swd 607 $aSu?dostasien$2swd 607 $aAltamerika$2swd 615 0$aPaleohydrology. 615 0$aWater resources development$xHistory. 615 0$aWater-supply engineering$xHistory. 676 $a628.1093 700 $aOrtloff$b Charles R$0775926 801 0$bMiAaPQ 801 1$bMiAaPQ 801 2$bMiAaPQ 906 $aBOOK 912 $a9910780928003321 996 $aWater engineering in the ancient world$91705789 997 $aUNINA